[Event "2016 Zone 4.3 Individual Chess Championships - Open"]
[Site "Hotel Riu Le Morne, Mauritius"]
[Date "2016.04.30"]
[Round "8"]
[Board "6"]
[White "GOORSAHYE, Antoine"]
[Black "JULIO, Joao Do Santos"]
[Result "0-1"]
[WhiteElo "1715"]
[BlackElo "2111"]
[PlyCount "88"]
[EventDate "2016.04.24"]
[EventRounds "9"]
[EventCountry "MRI"]

1. e4 c5 2. Nc3 Nc6 3. Nge2 Nf6 4. g3 d5 5. exd5 Nxd5 6. Bg2 Nf6 7. O-O g6 8.
d3 Bg7 9. Bg5 O-O 10. Qd2 Re8 11. Rfe1 a6 12. Rad1 Bf5 13. Na4 Nd7 14. Be3 Nce5
15. Nxc5 Nxc5 16. Bxc5 Bg4 17. Qf4 Qc8 18. d4 Nc6 19. Qd2 Qd7 20. c3 Rab8 21.
f3 Bh3 22. Bxh3 Qxh3 23. f4 b6 24. Ba3 Rbd8 25. Qe3 e6 26. Kh1 Qf5 27. Ng1 Nb8
28. Nf3 Qd5 29. Kg1 Qxa2 30. Ne5 f6 31. Nd3 Qc4 32. g4 e5 33. g5 Nc6 34. gxf6
Bxf6 35. fxe5 Bg7 36. Bd6 Rxd6 37. exd6 Rxe3 38. Rxe3 Qd5 39. Rf1 Bh6 40. Re8+
Kg7 41. Rff8 Qxd6 42. Ne5 Nxe5 43. dxe5 Qxf8 44. Rxf8 Kxf8 0-1

[Event "2016 Zone 4.3 Individual Chess Championships - Open"]
[Site "Hotel Riu Le Morne, Mauritius"]
[Date "2016.04.30"]
[Round "8"]
[Board "7"]
[White "JOTEE, Ashvin"]
[Black "CHINASAMY, Devarajen"]
[Result "0-1"]
[WhiteElo "1729"]
[BlackElo "2030"]
[PlyCount "88"]
[EventDate "2016.04.24"]
[EventRounds "9"]
[EventCountry "MRI"]

1. c4 e5 2. Nc3 Nc6 3. g3 f5 4. Bg2 Nf6 5. d3 Bb4 6. Bd2 O-O 7. Nf3 d6 8. O-O
a6 9. a3 Bc5 10. b4 Bb6 11. Bg5 Ne7 12. d4 e4 13. Ne1 d5 14. c5 Ba7 15. Nc2 Qe8
16. e3 Bb8 17. Qe2 h6 18. Bxf6 Rxf6 19. f3 Be6 20. a4 c6 21. b5 Bc7 22. Rfb1
Bc8 23. Rf1 Qf7 24. bxc6 bxc6 25. Rab1 Rb8 26. Rxb8 Bxb8 27. Rb1 Bc7 28. Nb4
exf3 29. Bxf3 Qe6 30. Kf2 a5 31. Na6 Bxa6 32. Qxa6 Kh7 33. Rb7 Bd8 34. Na2 Rf8
35. Nc1 Re8 36. Nb3 Ng6 37. Qd3 Bg5 38. Nxa5 Bxe3+ 39. Kg2 Qf6 40. Nxc6 Qg5 41.
Kf1 h5 42. Qe2 h4 43. Qg2 Bxd4 44. Nxd4 Qc1+ 0-1

[Event "2016 Zone 4.3 Individual Chess Championships - Open"]
[Site "Hotel Riu Le Morne, Mauritius"]
[Date "2016.05.01"]
[Round "9"]
[Board "1"]
[White "VAN RENSBURG, Ryan Pierre"]
[Black "KOSTER, Jeroen Louis"]
[Result "1-0"]
[WhiteElo "2178"]
[BlackElo "1866"]
[PlyCount "73"]
[EventDate "2016.04.24"]
[EventRounds "9"]
[EventCountry "MRI"]

1. d4 d6 2. c4 e5 3. Nf3 e4 4. Ng5 f5 5. g3 Be7 6. Nh3 Nf6 7. Nc3 c6 8. d5 Nbd7
9. Bg2 Ne5 10. b3 O-O 11. O-O c5 12. f3 exf3 13. exf3 a6 14. a4 Bd7 15. a5 b5
16. axb6 Qxb6 17. Ra3 a5 18. Rf2 Rfe8 19. Rfa2 Ra7 20. Nf2 Rea8 21. Bf1 h6 22.
Be2 Qd8 23. Bd2 Qe8 24. Kg2 Bd8 25. Nd3 g5 26. h3 Qg6 27. Nf2 f4 28. g4 h5 29.
Qc2 Qh6 30. Ra1 Be8 31. Rh1 Rh7 32. Raa1 Bg6 33. Qb2 Rb7 34. Nb5 Ne8 35. Bc3
Re7 36. Nxd6 Nxd6 37. Bxe5 1-0

[Event "2016 Zone 4.3 Individual Chess Championships - Open"]
[Site "Hotel Riu Le Morne, Mauritius"]
[Date "2016.05.01"]
[Round "9"]
[Board "2"]
[White "PHILLIPS, Roy"]
[Black "SILVA, David"]
[Result "1/2-1/2"]
[WhiteElo "2223"]
[BlackElo "2342"]
[PlyCount "34"]
[EventDate "2016.04.24"]
[EventRounds "9"]
[EventCountry "MRI"]

1. d4 Nf6 2. Nf3 g6 3. c4 Bg7 4. Nc3 O-O 5. e4 d6 6. Be2 e5 7. d5 a5 8. a3 Nbd7
9. Be3 h6 10. Nd2 Re8 11. b4 Nf8 12. O-O g5 13. c5 dxc5 14. Bxc5 Ng6 15. Nc4
Nf4 16. Rb1 Bf8 17. f3 Nd7 1/2-1/2

[Event "2016 Zone 4.3 Individual Chess Championships - Open"]
[Site "Hotel Riu Le Morne, Mauritius"]
[Date "2016.05.01"]
[Round "9"]
[Board "3"]
[White "CHINASAMY, Devarajen"]
[Black "DOMINGOS, Paulino"]
[Result "1/2-1/2"]
[WhiteElo "2030"]
[BlackElo "2178"]
[PlyCount "49"]
[EventDate "2016.04.24"]
[EventRounds "9"]
[EventCountry "MRI"]

1. e4 c5 2. Nf3 e6 3. d4 cxd4 4. Nxd4 a6 5. Be3 Nf6 6. f3 d5 7. e5 Nfd7 8. f4
Bc5 9. Nc3 b5 10. Qg4 O-O 11. Bd3 Qb6 12. Nce2 f5 13. Qh3 Bxd4 14. Bxd4 Qa5+
15. c3 Nc6 16. O-O b4 17. Kh1 Nc5 18. Bxc5 Qxc5 19. Rad1 Bb7 20. Bb1 Rac8 21.
Qd3 a5 22. Nd4 Nxd4 23. Qxd4 bxc3 24. bxc3 Ba6 25. Rfe1 1/2-1/2

[Event "2016 Zone 4.3 Individual Chess Championships - Open"]
[Site "Hotel Riu Le Morne, Mauritius"]
[Date "2016.05.01"]
[Round "9"]
[Board "4"]
[White "SOARES, Erikson"]
[Black "JOTEE, Ashvin"]
[Result "1-0"]
[WhiteElo "2265"]
[BlackElo "1729"]
[PlyCount "60"]
[EventDate "2016.04.24"]
[EventRounds "9"]
[EventCountry "MRI"]

1. Nf3 e6 2. g3 d5 3. Bg2 Nf6 4. O-O Bd6 5. d4 Nbd7 6. c4 dxc4 7. Nbd2 c6 8. e4
Bc7 9. e5 Nd5 10. Nxc4 h6 11. Nh4 g5 12. Nf3 b6 13. Ne3 Ba6 14. Re1 Qe7 15. Bd2
O-O-O 16. Qa4 Kb7 17. Rac1 Nb8 18. b4 Bd3 19. Qb3 Be4 20. b5 Nxe3 21. fxe3 cxb5
22. Qxb5 Qd7 23. Qf1 Qd5 24. Rc3 Rd7 25. Rec1 g4 26. Ne1 Bxg2 27. Nxg2 Bxe5 28.
Qe2 Bxd4 29. exd4 Qxd4+ 30. Be3 Qd5 1-0

[Event "2016 Zone 4.3 Individual Chess Championships - Open"]
[Site "Hotel Riu Le Morne, Mauritius"]
[Date "2016.05.01"]
[Round "9"]
[Board "5"]
[White "ALBERTO, Manuel"]
[Black "GOORSAHYE, Antoine"]
[Result "1-0"]
[WhiteElo "2195"]
[BlackElo "1715"]
[PlyCount "91"]
[EventDate "2016.04.24"]
[EventRounds "9"]
[EventCountry "MRI"]

1. Nf3 d5 2. d4 Nf6 3. c4 c6 4. Qc2 e6 5. Bg5 h6 6. Bh4 Qa5+ 7. Nbd2 Nbd7 8. a3
dxc4 9. Qxc4 Be7 10. b4 Qh5 11. e3 e5 12. Bg3 exd4 13. exd4 a5 14. b5 cxb5 15.
Qxb5 Qxb5 16. Bxb5 O-O 17. a4 Nd5 18. O-O Nc3 19. Nc4 Ne2+ 20. Kh1 Nxg3+ 21.
hxg3 Rd8 22. Rfd1 Nf6 23. Nb6 Rb8 24. Ne5 Be6 25. Rac1 Nd5 26. Nec4 Bb4 27.
Nxd5 Bxd5 28. Nb6 Bb3 29. Rd3 Be6 30. d5 Bf5 31. Rd4 Rd6 32. Nc4 Rc8 33. Rcd1
Rdd8 34. d6 Bc2 35. d7 Rc5 36. Rc1 Bf5 37. Rcd1 Bc2 38. Rc1 Bf5 39. g4 Bg6 40.
f4 f5 41. Rcd1 fxg4 42. Ne5 Bc2 43. Rc1 Ba3 44. Rxc2 Rxc2 45. Bc4+ Rxc4 46.
Nxc4 1-0

[Event "2016 Zone 4.3 Individual Chess Championships - Open"]
[Site "Hotel Riu Le Morne, Mauritius"]
[Date "2016.05.01"]
[Round "9"]
[Board "6"]
[White "JULIO, Joao Do Santos"]
[Black "SAWMYNADEN, Righen Peroumal"]
[Result "1-0"]
[WhiteElo "2111"]
[BlackElo "1694"]
[PlyCount "65"]
[EventDate "2016.04.24"]
[EventRounds "9"]
[EventCountry "MRI"]

1. e4 c5 2. Nf3 Nc6 3. d4 cxd4 4. Nxd4 Nf6 5. Nc3 e5 6. Ndb5 d6 7. Bg5 a6 8.
Na3 b5 9. Nd5 Be7 10. Nxe7 Nxe7 11. c3 Be6 12. f3 d5 13. exd5 Nfxd5 14. Bd3 f6
15. Bd2 Qb6 16. Qe2 Ng6 17. g3 O-O 18. h4 Nge7 19. Nc2 Nf5 20. Qf2 Qxf2+ 21.
Kxf2 Nb6 22. g4 Nd6 23. b3 Rfd8 24. Be3 Nd5 25. c4 bxc4 26. bxc4 Nxe3 27. Nxe3
Rab8 28. Rhb1 Nb7 29. Be2 Nc5 30. Nd5 Rxb1 31. Rxb1 Rf8 32. Nc7 Bf7 33. Rb6 1-0